Statystyki dla Flagi Państw Nieuznawanych na Arenie Międzynarodowej

Kliknij tutaj aby rozwiązać quiz!

Ogólne statystyki

  • Ten quiz został rozwiązany 254 razy
  • Średni wynik to 9 z 15

Statystyki odpowiedzi

Odpowiedź% Poprawnych
Republika Chińska
93%
Naddniestrze
80%
Palestyna
80%
Turecka Republika Cypru Północnego
78%
Tybet
76%
Abchazja
70%
Somaliland
61%
Kurdystan
60%
Sahara Zachodnia
58%
Górski Karabach
57%
Osetia Południowa
56%
Doniecka Republika Ludowa
46%
Ługańska Republika Ludowa
44%
Czeczenia
36%
Republika Serbskiej Krajiny
4%

Rozkład punktacji

Percentyl według liczby udzielonych odpowiedzi

Procent ludzi z każdym wynikiem

Twoja historia wyników

Nie rozwiązałeś tego quizu